000 00426cam a2200193 4500
001 D12007
008 090401t1912 xxu||||| |||| 00| 0 eng d
035 _a(Sirsi) u687
041 _aeng
100 _aArmour, S.B.
245 _aValuation for rating
250 _a2nd
260 _bWilliam Green and Sons
_c1912
350 _a0
520 _aShelf 113
700 _aCammont, John
942 _n0
948 _c04/03/1997
999 _c85582
_d85582